书目信息 |
| 题名: |
张闻天早期译剧集
|
|
| 作者: | 程中原 编 | |
| 分册: | ||
| 出版信息: | 北京 中国戏剧出版社 1984.8 |
|
| 页数: | 346页 | |
| 开本: | 20cm | |
| 丛书名: | ||
| 单 册: | ||
| 中图分类: | I13 | |
| 科图分类: | ||
| 主题词: | 戏剧文学--作品集--世界 | |
| 电子资源: | ||
| ISBN: | ||
| 000 | 00566nam0 2200205 45 | |
| 001 | 0312221749 | |
| 005 | 20040418140500.2 | |
| 010 | @dCNY1.50 | |
| 091 | @a8069.178 | |
| 100 | @a20031222d1984 km y0chiy0120 ea | |
| 101 | @achi | |
| 105 | @a z 000yy | |
| 200 | 1 | @a张闻天早期译剧集@AZhang Wen Tian Zao Qi Yi Ju Ji@f程中原编@FCheng Zhong Yuan Bian |
| 210 | @a北京@c中国戏剧出版社@d1984.8 | |
| 215 | @a346页@d20cm | |
| 606 | 0 | @a戏剧文学@x作品集@x世界 |
| 690 | @aI13@v3 | |
| 701 | 0 | @a程中原@4编 |
| 801 | @aCN@bTSTCL@c20031222 | |
| 905 | @dI13@e116@f2@b136706-707 | |
| 张闻天早期译剧集/程中原编.-北京:中国戏剧出版社,1984.8 |
| 346页;20cm |
| ISBN :CNY1.50 |
| ● |
| 相关链接 |
|
|
|
|
正题名:张闻天早期译剧集
索取号:I13/116
 
预约/预借
| 序号 | 登录号 | 条形码 | 馆藏地/架位号 | 状态 | 备注 |
| 1 | 0136706 | 000088425 | 第二借阅区/ [索取号:I13/116] | 在馆 | |
| 2 | 0136707 | 000088416 | 第二借阅区/ [索取号:I13/116] | 在馆 | |
| 3 | 0136708 | 000088434 | 第一样本阅览室/ [索取号:I13/116] | 在馆 |